01003nam a2200241 a 4500001001000000003000900010005001700019008004100036040002500077049000900102082001900111100003500130245016600165260004300331300002000374650004800394650006200442730004800504910003700552942001400589952014100603999001700744000016413DO-SdBNP20240412142622.0100305s1942 dr 000 0 spa d aDO-SdBNPbspacBNPHU aBNPD a341.245bC352s1 aCastillo S. Benigno del93658210aSolidaridad continental americana (de Pearl harbor a la III Reunión de cancilleres de las republicas americanas en Río de Janeiro) /cBenigno del Castillo S. aCiudad Trujillo :bLa Nación,c1942. a95 p. ;c20 cm. 4aGuerra mundialzAmérica936583y1939-1945 4aGuerra mundial zRepública Dominicanay1939-19459123630 aEl Nacional (República Dominicana)923260 aValidado. Control de calidad EMS 2ddccLBS1 001050718RVaPDbPDcHDd2010-03-05iLF1l0o341.245 C352sp16413-10r2020-06-25w2020-06-25y1zDedicado por el autor.ZNo se presta c15948d15948